Les 10 sports les plus pratiqués en France en 2022 - Statistiques

Statistiques générales
  • Ce quiz a été pris 2 568 fois
  • Le résultat moyen est 7 sur 10
Statistiques - réponses
Nombre de
pratiquants
Sport % Correct
1 2 130 054 Football
100%
4 678 482 Basketball
93%
2 1 019 597 Tennis
91%
6 456 086 Handball
83%
10 303 048 Rugby
79%
8 379 916 Natation
76%
3 692 400 Equitation
69%
5 462 838 Judo
59%
7 441 961 Golf
51%
9 316 366 Canoë Kayak
4%
Aucun quiz correspondant
Distribution des résultats
% des personnes avec chaque résultat
Percentile par nombre de réponses
Votre historique - résultats
Vous n’avez pas pris ce quiz